000 00637nam a22002297a 4500
003 UA-OsUOA
001 95212
007 ta
008 20130226b un ||||| |||| 00| 0 ukr d
100 _aИбрагимов Д.
090 _a821.161.1
_bИ15
942 _cBK
040 _aUA-OsUOA
_brus
_cUA-OsUOA
_dUA-OsUOA
245 _aПротивоборство
_bдокументальная повесть
300 _a495 с.
955 _a1
041 _arus
080 _a821.161.1
260 _aМ.
_bДОСААФ СССР
_c1989
650 7 _a82 Література. Літературознавство
_2UDC
999 _c381459
_d381459